000 00702nam a2200217 i 4500
001 115546
003 ES-MaACL
007 t|
008 070315s1921 sp ||||1| spa d
080 _a621.319.4
100 1 _aRovirosa, Guillermo.
_9100167
245 1 0 _aFabricación de condesadores y carretes /
_cpor Guillermo Rovirosa y Joaquín Labori.
260 _aMadrid :
_bCalpe,
_c1921.
300 _a131 p. :
_bil. ;
_c17 cm.
490 1 _aBiblioteca del electricista práctico ;
_v33
650 1 4 _aCondensadores eléctricos.
_911252
700 1 _aLabori, Joaquín.
_969256
830 0 _aBiblioteca del electricista práctico ;
_v33
_9186267
852 _aES-MaACL
_jB-3766
999 _c115546
_d115546